MARC

LEADER 00000naa2a2200000 4500
001 604285
005 20260206110116.0
035 |a (RuTPU)RU\TPU\conf\1552 
035 |a RU\TPU\conf\1537 
090 |a 604285 
100 |a 20140227d2013 k y0rusy50 ca 
101 0 |a rus 
102 |a RU 
135 |a drnn ---uucaa 
181 0 |a i  
182 0 |a b 
200 1 |a Преимущества ипотечного кредитования  |f О. А. Нуришанова  |g науч. рук. А. Н. Лисачев 
203 |a Текст  |c электронный 
225 1 |a Актуальные вопросы финансового менеджмента 
300 |a Заглавие с титульного экрана 
320 |a [Библиогр.: с. 125 (4 назв.)] 
337 |a Adobe Reader 
463 1 |0 (RuTPU)RU\TPU\conf\506  |t Импульс-2013  |o труды X Международной научно-практической конференции студентов, молодых ученых и предпринимателей в сфере экономики, менеджмента и инноваций, 27-29 ноября 2013 г., г. Томск  |f Национальный исследовательский Томский политехнический университет (ТПУ) ; под ред. С. Л. Ереминой и др.  |v [С. 124-125]  |d 2013 
610 1 |a труды учёных ТПУ 
610 1 |a электронный ресурс 
610 1 |a ипотечное кредитование 
610 1 |a кредитование 
610 1 |a кредиты 
610 1 |a ипотека 
700 1 |a Нуришанова  |b О. А. 
702 1 |a Лисачев  |b А. Н.  |c российский учёный в области экономических наук  |c старший преподаватель Юргинского технологического института (филиал) Томского политехнического университета  |g Андрей Николаевич  |4 727 
712 0 2 |a Национальный исследовательский Томский политехнический университет (ТПУ)  |b Юргинский технологический институт (филиал) (ЮТИ)  |b Кафедра экономики и автоматизации систем управления (ЭАСУ)  |3 (RuTPU)RU\TPU\col\18900 
801 2 |a RU  |b 63413507  |c 20140227  |g RCR 
856 4 |u http://www.lib.tpu.ru/fulltext/c/2013/C25/051.pdf 
942 |c CF